| 000 | 00377nam a2200145Ia 4500 | ||
|---|---|---|---|
| 008 | 151213s9999 xx 000 0 und d | ||
| 100 | _aT. S. Dorsck | ||
| 245 |
_aAristotle: Poetics Classical Literary Criticism _cT. S. Dorsck |
||
| 260 |
_aU.K. _bPenguin Books _c1965 |
||
| 300 | _a4873 p. | ||
| 650 | _aCritics | ||
| 650 | _aEnglish | ||
| 700 | _aT. S. Dorsck | ||
| 999 |
_c3064 _d3064 |
||